| 000 | 01493cam a22004214a 4500 | ||
|---|---|---|---|
| 001 | muse82056 | ||
| 003 | MdBmJHUP | ||
| 005 | 20210127151433.0 | ||
| 006 | m o d | ||
| 007 | cr||||||||nn|n | ||
| 008 | 100404s1965 mdu o 00 0 eng d | ||
| 020 | _a9781421432328 | ||
| 020 | _z9781421432311 | ||
| 035 | _a(OCoLC)1128010774 | ||
| 040 |
_aMdBmJHUP _cMdBmJHUP |
||
| 100 | 1 |
_aKirkwood, Kenneth, _d1919- |
|
| 245 | 1 | 0 | _aBritain and Africa |
| 264 | 1 | _bJohns Hopkins Press | |
| 264 | 3 | _bProject MUSE, | |
| 300 | _a1 online resource (1 online resource 235 pages.) | ||
| 490 | 0 | _aBritain in the world today [6] | |
| 506 | 0 |
_aOpen Access _fUnrestricted online access _2star |
|
| 588 | _aDescription based on print version record. | ||
| 651 | 0 |
_aGreat Britain. _2fast _0(OCoLC)fst01204623 |
|
| 651 | 0 |
_aAfrica. _2fast _0(OCoLC)fst01239509 |
|
| 651 | 0 |
_aAfrica _xRelaciones exteriores _zGran BretaƱa. |
|
| 651 | 0 |
_aAfrica _xForeign relations _zGreat Britain. |
|
| 651 | 0 |
_aGreat Britain _xForeign relations _zAfrica. |
|
| 650 | 0 |
_aDiplomatic relations. _2fast _0(OCoLC)fst01907412 |
|
| 655 | 7 |
_aElectronic books. _2local |
|
| 710 | 2 |
_aProject Muse. _edistributor |
|
| 830 | 0 | _aBook collections on Project MUSE. | |
| 856 | 4 | 0 |
_zFull text available: _uhttps://muse.jhu.edu/book/71678/ |
| 999 |
_c25771 _d25771 |
||